000 00426nam a2200169Ia 4500
001 10266
003 IN-NITTTR
005 20251114233055.0
008 251113s9999||||xx |||||||||||||| ||eng||
040 _beng
040 _cIN-NITTTR
041 _aeng
082 _a005.133 F772B
100 _aForsyth, Richard
245 4 _aThe basic idea :
_b an introduction to computer programming /
_cForsyth, Richard
942 _2ddc
_cBK
999 _c12903
_d12903